00481nam a2200169Ia 4500003000400000005001700004008004100021040000700062041000800069082002300077100003000100245008300130260004600213365001400259650001800273650002000291OSt20230516111735.0210423s1984 xx 000 0 und d cAL aeng a305.235 223bCORY aCORVALAN-VAS-GUIZ (Osear) aYouth employment and training in developning countries: annotated bibliography aGenevabInternational Labour Officec1984 b17.5cINR aSocial Groups aSocial Sciences